000 00492nam a22001817a 4500
003 ASAB
005 20180827062718.0
008 161130t xxu||||| |||| 00| 0 eng d
020 _a81-7371-501-7
040 _cASAB
082 _a572.8
100 _aChannarayappa
_92392
245 _aMolecular biotechnology principles and practices
_cby Channarayappa
260 _aIndia.
_bUniversity Press.
_cc2006
300 _a1217 P.
630 _aMolecular Biotechnology
_93694
942 _2ddc
_cBK
999 _c480355
_d480355